00249nam a2200121Ia 45000030006000000080041000060400015000471000017000622450010000792600009000895460012000980050017001100STCL150530s9999 xx 000 0 und d aSTCLcSTCL aViginia Wolf aYears c1951 aEnglish20220125171034.0